| 000 | 00568nam a22002057a 4500 | ||
|---|---|---|---|
| 999 |
_c7939 _d7939 |
||
| 001 | 7939 | ||
| 003 | BD-JhCC | ||
| 005 | 20180717082107.0 | ||
| 008 | 180215b1371 bg ||||| |||| 00| 0 ben d | ||
| 035 | _a(BD-JhCC)7939 | ||
| 040 |
_aBD-JhCC _dBD-JhCC |
||
| 041 | _aben | ||
| 082 |
_a297.18 _bALI 1371 |
||
| 100 | _aআলী, কাজী আশরাফ | ||
| 245 |
_aহযরত বড়পীরের জীবনী / _cকাজী আশরাফ আলী |
||
| 300 |
_a222 p. : _c18 cm. |
||
| 650 | _aIslamic Legends | ||
| 942 |
_2ddc _cBK |
||